Propiedades mecánicas de la mampostería de concreto
Guardado en:
| Autor principal: | |
|---|---|
| Formato: | Libro |
| Publicado: |
San José, C.R.
1999
|
| Materias: | |
| Etiquetas: |
Agregar Etiqueta
Sin Etiquetas, Sea el primero en etiquetar este registro!
|
MARC
| LEADER | 00000nam a2200000Ia 4500 | ||
|---|---|---|---|
| 003 | 010547 | ||
| 005 | 20221231144213.0 | ||
| 008 | 140114s1999 cr a m 000 ||s d | ||
| 040 | |c cru CEDI | ||
| 090 | |a TFG 4050 | ||
| 100 | |a Navas Carro, Alejandro |9 8455 | ||
| 245 | |a Propiedades mecánicas de la mampostería de concreto | ||
| 260 | |c 1999 |a San José, C.R. | ||
| 300 | |a xiv, 259 páginas : ilustraciones | ||
| 500 | |a Tesis (magister scientiae en ingeniería civil)--Universidad de Costa Rica. Sistema de Estudios de Posgrado | ||
| 650 | |x MAMPOSTERIA |x BLOQUES DE HORMIGON |x ARGAMASA |x RESISTENCIA DE MATERIALES |x DISEÑO DE ESTRUCTURAS |9 8456 | ||
| 942 | |c TFG | ||
| 999 | |c 18399 |d 18399 | ||
